000
00327nam a2200145Ia 4500
008
230718s9999 xx 000 0 und d
041
_a
Eng.
082
_a
954.91
_b
AMJ-A
100
_a
Amjad shakeel
245
0
_a
Angrazoo ki Angrazi
260
_a
Pakistan
_b
Urdu bazar
_c
2015
300
_a
255
650
_a
Law
999
_c
31629
_d
31629